Imiona na M cz.II - Statystyki

Ogólne statystyki
  • Ten quiz został rozwiązany 7 razy
  • Średni wynik to 5 z 24
Statystyki odpowiedzi
Hint Odpowiedź % Poprawnych
m Marcel
50%
m Maurycy
50%
ż Milena
50%
m Makary
33%
m Maksym
33%
ż Malina
33%
ż Maryla
33%
m Melchior
33%
m Milan
33%
m Miron
33%
m Magnus
17%
m Maryn
17%
ż Maryna
17%
ż Maurycja
17%
m Mieszko
17%
ż Mira
17%
ż Miranda
17%
ż Mirona
17%
m Malkolm
0%
m Maron
0%
ż Matea
0%
ż Melisa
0%
m Merkury
0%
m Montan
0%
Nie znaleziono quizów pasujących do podanych kryteriów
Rozkład punktacji
Procent ludzi z każdym wynikiem
Percentyl według liczby udzielonych odpowiedzi
Twoja historia wyników
Nie rozwiązałeś tego quizu